| 000 | 00592 a2200145 4500 | ||
|---|---|---|---|
| 082 | _aBIT-9 | ||
| 100 |
_aHira Ramzan and Sophia Sabir _992517 |
||
| 245 |
_aVirtual boutique [Project Report BIT-9] _cHira Ramzan and Sophia Sabir _hEnglish |
||
| 260 |
_aIslamabad. _bNUST School of Electrical Engineering and Computer Science _c2011. |
||
| 300 |
_a50p. _b;ill. _c:27cm. + _eCD-ROM |
||
| 500 | _aSupervisors: Dr. Rihan ur Rasool and Dr. Hammad Qurreshi | ||
| 700 |
_aHira Ramzan and Sophia Sabir _992517 |
||
| 856 | _uhttp://10.250.8.41:8080/xmlui/handle/123456789/5120 | ||
| 942 |
_cPR _kBIT-9 HIR _2ddc |
||
| 999 |
_c10595 _d10595 |
||